| 000 -LEADER |
| fixed length control field |
01729cam a2200289 i 4500 |
| 003 - CONTROL NUMBER IDENTIFIER |
| control field |
OSt |
| 005 - DATE AND TIME OF LATEST TRANSACTION |
| control field |
20240725131813.0 |
| 008 - FIXED-LENGTH DATA ELEMENTS--GENERAL INFORMATION |
| fixed length control field |
170425s2018 nyua b 000 0 eng |
| 020 ## - INTERNATIONAL STANDARD BOOK NUMBER |
| International Standard Book Number |
9781616895587 (paperback) |
| 040 ## - CATALOGING SOURCE |
| Original cataloging agency |
DLC |
| Language of cataloging |
eng |
| Transcribing agency |
DLC |
| Description conventions |
rda |
| Modifying agency |
DLC |
| 042 ## - AUTHENTICATION CODE |
| Authentication code |
pcc |
| 082 00 - DEWEY DECIMAL CLASSIFICATION NUMBER |
| Classification number |
302.2/22 |
| Edition number |
23 |
| 245 00 - TITLE STATEMENT |
| Title |
Graphic design discourse : |
| Remainder of title |
evolving theories, ideologies, and processes of visual communication / |
| Statement of responsibility, etc |
edited by Henry Hongmin Kim ; foreword by Steff Geissbühler. |
| 246 30 - VARYING FORM OF TITLE |
| Title proper/short title |
Evolving theories, ideologies, and processes of visual communication |
| 250 ## - EDITION STATEMENT |
| Edition statement |
First edition. |
| 300 ## - PHYSICAL DESCRIPTION |
| Extent |
455 pages : |
| Other physical details |
illustrations ; |
| Dimensions |
24 cm |
| 504 ## - BIBLIOGRAPHY, ETC. NOTE |
| Bibliography, etc |
Includes bibliographical references (pages 450-455). |
| 520 ## - SUMMARY, ETC. |
| Summary, etc |
"Since its inception, the field of graphic design--whose primary aim is visual communication--has struggled between two contradictory poles: design resulting from a rigorous, fixed set of rules, and design that expresses the hand of the artist. But what if designers focused on process and critical analysis over visual outcome? Through a carefully selected collection of more than seventy-five seminal texts spanning centuries and bridging the disciplines of art, architecture, design history, philosophy, and cultural theory, this illuminating anthology establishes a new paradigm for graphic design methodologies for the twenty-first century"-- |
| 650 #0 - SUBJECT ADDED ENTRY--TOPICAL TERM |
| Topical term or geographic name as entry element |
Visual communication |
| General subdivision |
Methodology. |
| 650 #0 - SUBJECT ADDED ENTRY--TOPICAL TERM |
| Topical term or geographic name as entry element |
Graphic arts |
| General subdivision |
Methodology. |
| 650 #7 - SUBJECT ADDED ENTRY--TOPICAL TERM |
| Topical term or geographic name as entry element |
DESIGN / General. |
| Source of heading or term |
bisacsh |
| 650 #7 - SUBJECT ADDED ENTRY--TOPICAL TERM |
| Topical term or geographic name as entry element |
DESIGN / Graphic Arts / General. |
| Source of heading or term |
bisacsh |
| 650 #7 - SUBJECT ADDED ENTRY--TOPICAL TERM |
| Topical term or geographic name as entry element |
DESIGN / Essays. |
| Source of heading or term |
bisacsh |
| 700 1# - ADDED ENTRY--PERSONAL NAME |
| Personal name |
Kim, Henry Hongmin, |
| Relator term |
editor. |
| 700 1# - ADDED ENTRY--PERSONAL NAME |
| Personal name |
Geissbuhler, Steff, |
| Dates associated with a name |
1942- |
| Relator term |
writer of foreword. |
| 942 ## - ADDED ENTRY ELEMENTS (KOHA) |
| Source of classification or shelving scheme |
|